| 000 | 00832nam a22002057a 4500 | ||
|---|---|---|---|
| 999 |
_c16846 _d16846 |
||
| 003 | AR-CdUCM | ||
| 008 | 190506b ||||| |||| 00| 0 spa d | ||
| 040 |
_aMUNICIPALIDAD PROVINCIAL DEL CUSCO _cBIBLIOTECA MUNICIPAL DEL CUSCO |
||
| 082 |
_a321.094 / _bM19 |
||
| 100 |
_aMalaparte, Curzio _910168 |
||
| 245 | _aTécnica del golpe de estado / | ||
| 260 |
_aMéxico D. F. : _bLatino Americana, _c1957. |
||
| 300 |
_a163 páginas ; _c20 cm. |
||
| 505 | _aContenido: E_l golpe de Estado bolchevique y la táctica de Trotsky -- Historia de un golpe de estado fallido -- 1920: la experiencia polaca -- Kapp o Marte contra Marx -- Bonaparte o el primer golpe de estado moderno ... | ||
| 650 |
_aGolpes de Estado _935350 |
||
| 650 |
_aRevolución _9844 |
||
| 650 |
_aDictadura _92687 |
||
| 942 |
_2ddc _cLIBROS |
||
| 945 |
_aachl _d2019-05-06 |
||